000 01365nam0a22002891 4500
001 rc\2346253
005 20260406145238.0
035 _a(NLR Aleph) 006588935
090 _a7125008
_c7125008
100 _a20110829d1977 |||y0rusy50 ca
101 0 _arus
102 _aRU
105 _aa j |||||
200 1 _aВопросы селекции, семеноводства, семеноведения и сортовой агротехники овощных и бахчевых культур
_e[Сборник статей]
210 _aТашкент
_cБ. и.
_d1977
215 _a163 с.
_cил.
_d21
225 1 _aМ-во сел. хоз-ва УзССР. Гл. упр. пропаганды и внедрения достижений науки и передового опыта. Труды НИИОБКиК
_vВып. 14
320 _aБиблиогр. в конце статей
712 0 1 _aУзССР
_bМинистерство сельского хозяйства
_bГлавное управление пропаганды и внедрения достижений науки и передового опыта
_3RU\NLR\AUTH\889924591
_9344971
801 0 _aRU
_bNLR
_gpsbo
801 1 _aRU
_bELAR
_2rusmarc
852 _aNLR
_jП13/415
899 _aRuMoRGB
_jXXIV 236/74
899 _aRuMoRGB
_jXXIV 236/75
942 _cBOOK
980 _aNB